Word Ladder: Zelda Quiz Stats

 Plays Quiz Updated Jul 21, 2015

Challenge
Share
Tweet
Embed
Score 0/11 Timer 02:00
0 Plays Today
Clue Answer % Correct
A green-tuniced elven adventurer, or a component of a chainLINK
92.6%
It connects two pointsLINE
92.1%
Adjective describing a certain famous RangerLONE
81.7%
A sound of definite pitchTONE
78.3%
A large scholarly bookTOME
69.6%
Word used for identificationNAME
68%
Popular acclaim, as with an actor or actressFAME
67.5%
Short term for something you like the mostFAVE
66%
Iditarod finish lineNOME
61.8%
The long central hall in a cruciform churchNAVE
55.1%
The fairy that accompanies [Rung 1], or a race of blue aliens from PandoraNAVI
46%

Today's Daily Dose

You're not logged in!

Compare scores with friends on all Sporcle quizzes.
OR
Log In

You Might Also Like...

Show Comments

Extras

Top Quizzes Today


Score Distribution

Your Account Isn't Verified!

In order to create a playlist on Sporcle, you need to verify the email address you used during registration. Go to your Sporcle Settings to finish the process.

Report this User

Report this user for behavior that violates our Community Guidelines.

Details: